| 000 | 01545nam a2200325Ia 4500 | ||
|---|---|---|---|
| 001 | ebr10130668 | ||
| 003 | CaPaEBR | ||
| 006 | m u | ||
| 007 | cr cn||||||||| | ||
| 008 | 050805s2005 ne a sb 101 0 eng d | ||
| 020 | _z1586035185 (cased) | ||
| 040 |
_aCaPaEBR _cCaPaEBR |
||
| 035 | _a(OCoLC)71368352 | ||
| 050 | 1 | 4 |
_aRB170 _b.N38 2005eb |
| 082 | 0 | 4 |
_a616.07 _222 |
| 111 | 2 |
_aNATO Advanced Study Institute on Free Radicals and Diseases: Gene Expression, Cellular Metabolism, and Pathophysiology _d(2004 : _cSpetsai, Greece) |
|
| 245 | 1 | 0 |
_aFree radicals and diseases _h[electronic resource] : _bgene expression, cellular metabolism and pathophysiology / _cedited by Tilman Grune. |
| 260 |
_aAmsterdam ; _aOxford : _bIOS Press, _cc2005. |
||
| 300 |
_aviii, 193 p. : _bill. |
||
| 490 | 1 |
_aNATO science series. Series I, Life and behavioural sciences, _x1566-7693 ; _vv. 367 |
|
| 504 | _aIncludes bibliographical references and index. | ||
| 533 |
_aElectronic reproduction. _bPalo Alto, Calif. : _cebrary, _d2011. _nAvailable via World Wide Web. _nAccess may be limited to ebrary affiliated libraries. |
||
| 650 | 0 |
_aFree radicals (Chemistry) _xPathophysiology. |
|
| 650 | 0 |
_aActive oxygen _xPathophysiology. |
|
| 655 | 7 |
_aElectronic books. _2local |
|
| 700 | 1 | _aGrune, Tilman. | |
| 710 | 2 | _aebrary, Inc. | |
| 830 | 0 |
_aNATO science series. _nSeries I, _pLife and behavioural sciences ; _vv. 367. |
|
| 856 | 4 | 0 |
_uhttp://site.ebrary.com/lib/rucke/Doc?id=10130668 _zAn electronic book accessible through the World Wide Web; click to view |
| 999 |
_c77662 _d77662 |
||